000
00303nam a22001457a 4500
008
221007b ||||| |||| 00| 0 eng d
020
_a
0440500672
041
_a
eng
080
_a
7
082
_a
7 DIC
100
_a
21.1
101
_a
ART
245
_a
MERLIN DREAMS
_c
DICKINSON P
942
_2
udc
_c
BK
999
_c
58403
_d
58403